000 00538nam a2200193Ia 4500
005 20250326125605.0
008 250326s9999 xx 000 0 und d
037 _aTextbook
040 _aFMSL
_beng
_cFMSL
041 _aeng
_2eng
084 _aX8(A).2 M0
_qFMSL
100 _aBansal G L
_9739346
245 0 _aGuide to new industrial policy of government of India
_cBansal G L
250 _a3
260 _aNew Delhi
_bNew Delhi, Guide
_c1980
300 _a135p
942 _cTB
_hX8(A).2 M0
999 _c1278705
_d1278705